[Event "17. Bayer Open"]
[Site "Leverkusen"]
[Date "2019.01.28"]
[Round "3.8"]
[White "Henseler, Klaus"]
[Black "Werbeck, Torsten"]
[Result "0-1"]
[WhiteElo "1784"]
[BlackElo "2053"]
[PlyCount "70"]
[EventDate "2019.??.??"]
[WhiteTeam "SC Bayer Leverkusen"]
[BlackTeam "Elberfelder SG"]

1. c4 c5 2. Nc3 Nc6 3. g3 g6 4. Bg2 Bg7 5. Nf3 a6 6. a3 Rb8 7. Rb1 b5 8. cxb5
axb5 9. b4 cxb4 10. axb4 d5 11. d4 Bf5 12. Rb3 Nf6 13. Bf4 Rb6 14. Ne5 O-O 15.
f3 Nh5 16. Nxc6 Rxc6 17. Be3 Nf6 18. Qa1 Qb6 19. Bf2 Qb7 20. O-O Rc4 21. Qa5
Qc6 22. Qa1 Bc2 23. Ra3 Rc8 24. Na2 Ba4 25. Re1 e6 26. e4 dxe4 27. fxe4 Ng4 28.
e5 Qd7 29. Rd3 Bc2 30. Rd2 Bh6 31. Ree2 Nxf2 32. Kxf2 Bxd2 33. Rxd2 Bb3 34. Be4
Bxa2 35. Qxa2 Rxd4 0-1

[Event "17. Bayer Open"]
[Site "Leverkusen"]
[Date "2019.01.28"]
[Round "3.9"]
[White "Pyrowicz, Jacek"]
[Black "Sohlmann, Jan-Henning"]
[Result "1-0"]
[WhiteElo "1788"]
[BlackElo "2185"]
[PlyCount "57"]
[EventDate "2019.??.??"]
[WhiteTeam "SV Springer Hitdorf"]
[BlackTeam "SV Welper"]

1. d4 f5 2. Bg5 g6 3. e3 Bg7 4. Bc4 Nf6 5. Nd2 Nc6 6. Ngf3 d6 7. d5 Ne5 8. Bb3
Nf7 9. Bxf6 Bxf6 10. c3 O-O 11. Nd4 Bd7 12. f4 Qc8 13. Qf3 Re8 14. O-O c5 15.
Ne6 b5 16. e4 fxe4 17. Qxe4 c4 18. Bc2 Bxe6 19. dxe6 Qc5+ 20. Kh1 Nh6 21. Qf3
Nf5 22. Rac1 d5 23. Bxf5 gxf5 24. Qh5 d4 25. Rf3 Bg7 26. Rh3 h6 27. Rg3 Kh8 28.
Ne4 Qd5 29. Ng5 1-0

[Event "17. Bayer Open"]
[Site "Leverkusen"]
[Date "2019.01.28"]
[Round "3.10"]
[White "Mohaupt, Sascha"]
[Black "Boschek, Hans-Joachim"]
[Result "1-0"]
[WhiteElo "2161"]
[BlackElo "1818"]
[PlyCount "47"]
[EventDate "2019.??.??"]
[WhiteTeam "SV Wermelskirchen"]
[BlackTeam "SG Solingen"]

1. e4 c5 2. Nc3 Nc6 3. f4 g6 4. Nf3 Bg7 5. Bb5 e6 6. Bxc6 bxc6 7. e5 d5 8. d3
Ne7 9. O-O O-O 10. Na4 Qa5 11. b3 Re8 12. c4 Nf5 13. Rf2 Nd4 14. Be3 Nxf3+ 15.
Qxf3 Bf8 16. Rc2 Bb7 17. Qf2 d4 18. Bc1 Qd8 19. Ba3 f6 20. Rf1 Bc8 21. Bxc5
Bxc5 22. Nxc5 Rf8 23. exf6 Qxf6 24. Re2 1-0

[Event "17. Bayer Open"]
[Site "Leverkusen"]
[Date "2019.01.28"]
[Round "3.11"]
[White "Gutt, Oswald"]
[Black "Gramb, Marius"]
[Result "0-1"]
[WhiteElo "1868"]
[BlackElo "2145"]
[PlyCount "72"]
[EventDate "2019.??.??"]
[WhiteTeam "Bergische SF"]
[BlackTeam "Brühler SK"]

1. d4 Nf6 2. c4 e6 3. Nc3 Bb4 4. e3 b6 5. Bd3 Bb7 6. Nf3 Ne4 7. Qc2 f5 8. O-O
Bxc3 9. bxc3 O-O 10. Ne1 Qh4 11. f3 Ng5 12. Qf2 Qh5 13. h4 Nf7 14. g3 d6 15.
Be2 Nh6 16. Nd3 Nd7 17. Nf4 Qe8 18. c5 bxc5 19. Rb1 Bc6 20. Ba3 cxd4 21. cxd4
Rf6 22. Rfc1 Rb8 23. Rxb8 Nxb8 24. d5 exd5 25. Bb2 Rf7 26. Bd4 a6 27. Ba7 Bb5
28. Nxd5 Nc6 29. Bxb5 axb5 30. Bd4 Nxd4 31. exd4 c6 32. Nb4 Re7 33. Rc2 f4 34.
Nxc6 Re1+ 35. Kg2 fxg3 36. Qxg3 Nf5 0-1

[Event "17. Bayer Open"]
[Site "Leverkusen"]
[Date "2019.01.28"]
[Round "3.12"]
[White "Peters, Alex"]
[Black "Ziabari, Morteza"]
[Result "1-0"]
[WhiteElo "2140"]
[BlackElo "1891"]
[PlyCount "109"]
[EventDate "2019.??.??"]
[WhiteTeam "Brühler SK"]
[BlackTeam "Kettwiger SG"]

1. Nf3 d5 2. b3 Nf6 3. Bb2 Nc6 4. e3 Bg4 5. Bb5 a6 6. Bxc6+ bxc6 7. h3 Bxf3 8.
Qxf3 e6 9. Bxf6 Qxf6 10. Qxf6 gxf6 11. d3 e5 12. Ke2 h5 13. Nd2 Ba3 14. Nf3 Rg8
15. Nh4 a5 16. g3 Bb2 17. Rab1 Bc3 18. a4 c5 19. e4 c6 20. Nf5 Rd8 21. Kf3 Kd7
22. Rbg1 Rg5 23. Rg2 Ke6 24. g4 Rdg8 25. Rhg1 hxg4+ 26. Rxg4 Bd2 27. h4 R5g6
28. h5 Rg5 29. Rxg5 fxg5 30. h6 Rh8 31. Kg4 Kf6 32. Rh1 Rh7 33. Nd6 Kg6 34. Nb7
Rxh6 35. Rxh6+ Kxh6 36. Kf5 c4 37. bxc4 dxc4 38. dxc4 Kh5 39. Nd8 f6 40. Nxc6
g4 41. Kxf6 Be1 42. Nxe5 Bxf2 43. Nxg4 Kxg4 44. Ke6 Kf4 45. Kd5 Ba7 46. c5 Bb8
47. c6 Bc7 48. Ke6 Kxe4 49. Kd7 Bb6 50. c7 Bxc7 51. Kxc7 Kd4 52. Kb6 Kc4 53.
Kxa5 Kc3 54. Kb5 Kxc2 55. a5 1-0

[Event "17. Bayer Open"]
[Site "Leverkusen"]
[Date "2019.01.28"]
[Round "3.14"]
[White "Kies, Werner"]
[Black "Morschel, Steffen"]
[Result "1-0"]
[WhiteElo "1870"]
[BlackElo "1744"]
[PlyCount "87"]
[EventDate "2019.??.??"]
[WhiteTeam "SC Bayer Leverkusen"]
[BlackTeam "SV Horrem"]

1. e4 e6 2. d4 d5 3. Nd2 Nf6 4. e5 Nfd7 5. Bd3 c5 6. c3 Nc6 7. Ne2 cxd4 8. cxd4
f6 9. exf6 Nxf6 10. O-O Bd6 11. f4 Qc7 12. Nf3 Bd7 13. a3 O-O 14. Ne5 Bxe5 15.
fxe5 Ne4 16. Rxf8+ Rxf8 17. Be3 Qb6 18. Bxe4 dxe4 19. Qd2 Qa6 20. Nc3 Na5 21.
Re1 Bc6 22. Bf2 Qd3 23. Qxd3 exd3 24. Rd1 Nc4 25. b3 Nxa3 26. d5 exd5 27. Bc5
Nb5 28. Nxb5 Bxb5 29. Bxf8 Kxf8 30. Kf2 Ke7 31. Ke3 Ke6 32. Kd4 b6 33. h3 Ba6
34. Ra1 Bb5 35. Ra2 a5 36. g3 Ba6 37. Ra1 Bb5 38. g4 Ba6 39. h4 Bb5 40. g5 Be8
41. Kxd3 Bg6+ 42. Kd4 Be4 43. Rc1 Kf5 44. Rc6 1-0

[Event "17. Bayer Open"]
[Site "Leverkusen"]
[Date "2019.01.28"]
[Round "3.15"]
[White "Schläbitz, Joel"]
[Black "Claßen, Harald"]
[Result "0-1"]
[WhiteElo "1632"]
[BlackElo "2013"]
[PlyCount "84"]
[EventDate "2019.??.??"]
[WhiteTeam "SF Köln-Longerich"]
[BlackTeam "SC Bayer Leverkusen"]

1. c4 e6 2. g3 d5 3. Bg2 Nf6 4. Nf3 d4 5. O-O c5 6. d3 Nc6 7. Na3 e5 8. e4 Be7
9. Nc2 O-O 10. a3 a5 11. Rb1 Qc7 12. Bg5 Ne8 13. Bxe7 Qxe7 14. Qd2 Nd6 15. b4
axb4 16. axb4 b6 17. bxc5 bxc5 18. Ra1 Bd7 19. Ng5 f6 20. Nh3 Rab8 21. Rab1
Rxb1 22. Rxb1 Ra8 23. Ra1 Rb8 24. f4 Qd8 25. Na3 Rb4 26. fxe5 fxe5 27. Nf2 h6
28. Nd1 Qb8 29. Qc1 Rb3 30. Rb1 Qb4 31. Rxb3 Qxb3 32. Nf2 Nb4 33. Nb5 Nxb5 34.
cxb5 Nxd3 35. Nxd3 Qxd3 36. Qxc5 Qe3+ 37. Kf1 Bg4 38. Qc4+ Kh7 39. h3 Bf3 40.
b6 d3 41. Bxf3 Qxf3+ 42. Kg1 d2 0-1

[Event "17. Bayer Open"]
[Site "Leverkusen"]
[Date "2019.01.28"]
[Round "3.17"]
[White "Vranidis, Athanassios"]
[Black "Pützkaul, Karl"]
[Result "1-0"]
[WhiteElo "1907"]
[BlackElo "1680"]
[PlyCount "77"]
[EventDate "2019.??.??"]
[WhiteTeam "SG Solingen"]
[BlackTeam "SC Bayer Leverkusen"]

1. d4 d5 2. c4 c6 3. e3 Nf6 4. Nc3 e6 5. Nf3 Nbd7 6. Qc2 Bd6 7. Bd3 Qe7 8. O-O
O-O 9. b3 a6 10. Re1 e5 11. cxd5 cxd5 12. e4 dxe4 13. Nxe4 Bb4 14. Bd2 Bxd2 15.
Nexd2 h6 16. dxe5 Nd5 17. Bc4 N7b6 18. Qe4 Be6 19. Rac1 Rac8 20. Nd4 Qg5 21.
N2f3 Qe7 22. Nxe6 fxe6 23. Bd3 Nf4 24. Bb1 Nbd5 25. Rxc8 Rxc8 26. g3 Nh3+ 27.
Kg2 Ng5 28. Nxg5 Qxg5 29. h4 Qh5 30. Bd3 Rc7 31. Bc4 Rd7 32. Rc1 Qe8 33. Bxd5
exd5 34. Qd4 Rd8 35. Rc5 Qe6 36. Rc7 Rd7 37. Rc8+ Kh7 38. Qd3+ Qg6 39. Rh8+ 1-0

[Event "17. Bayer Open"]
[Site "Leverkusen"]
[Date "2019.01.28"]
[Round "3.18"]
[White "Kemper, Michael"]
[Black "Schülke, Tilman"]
[Result "1/2-1/2"]
[WhiteElo "1854"]
[BlackElo "1843"]
[PlyCount "142"]
[EventDate "2019.??.??"]
[WhiteTeam "SV Dormagen"]
[BlackTeam "Düsseldorfer SV"]

1. e4 d6 2. Nc3 g6 3. Bc4 e6 4. f4 Ne7 5. Qe2 Bg7 6. Nf3 a6 7. d3 b5 8. Bb3 c5
9. O-O Nbc6 10. Nd1 Na5 11. c3 Nxb3 12. axb3 h6 13. Be3 Qc7 14. Nf2 f5 15. h3
O-O 16. g4 Kh7 17. Nh1 Bb7 18. Ng3 Rf7 19. g5 Rh8 20. h4 h5 21. Nd2 Kg8 22.
Rae1 e5 23. b4 cxb4 24. cxb4 Qb8 25. Nb3 d5 26. d4 dxe4 27. dxe5 Nd5 28. Rd1
Nxe3 29. Qxe3 Kh7 30. Nc5 Bc8 31. Rd5 Re8 32. Rfd1 Qc7 33. Ne2 Bf8 34. Qd4 Be6
35. Nxe6 Rxe6 36. Rd7 Rxd7 37. Qxd7+ Qxd7 38. Rxd7+ Re7 39. Rd8 Kg7 40. Nd4 Kf7
41. Rd6 Bg7 42. Kf2 Rc7 43. Nc6 Bf8 44. Rf6+ Kg7 45. Nd4 Rf7 46. Ne6+ Kg8 47.
Rxg6+ Kh7 48. Nxf8+ Rxf8 49. Rh6+ Kg7 50. Rxh5 Rd8 51. g6 Rd2+ 52. Ke3 Rxb2 53.
Rxf5 Kxg6 54. Rf6+ Kg7 55. Kxe4 Rxb4+ 56. Kf5 a5 57. e6 Rc4 58. Kg5 a4 59. Rf7+
Kg8 60. f5 a3 61. f6 Re4 62. Rg7+ Kh8 63. Kf5 a2 64. Ra7 Ra4 65. e7 Rxa7 66.
e8=Q+ Kh7 67. Qg6+ Kh8 68. Qh6+ Kg8 69. Qg6+ Kh8 70. Qe8+ Kh7 71. Qg6+ Kh8
1/2-1/2

[Event "17. Bayer Open"]
[Site "Leverkusen"]
[Date "2019.01.28"]
[Round "3.19"]
[White "Wille, Thomas"]
[Black "Hertling, Jürgen"]
[Result "1-0"]
[WhiteElo "2029"]
[BlackElo "1576"]
[PlyCount "93"]
[EventDate "2019.??.??"]
[WhiteTeam "Velberter SG"]
[BlackTeam "Bergische SF"]

1. c4 g6 2. g3 Bg7 3. Bg2 Nf6 4. Nc3 c5 5. e3 Nc6 6. Nge2 O-O 7. O-O d6 8. h3
e5 9. d3 Bf5 10. Kh2 Nb4 11. e4 Bd7 12. a3 Nc6 13. Rb1 Nd4 14. b4 a6 15. bxc5
dxc5 16. Rxb7 Bc6 17. Rb1 Qa5 18. Nxd4 cxd4 19. Nd5 Ba4 20. Qe2 Qc5 21. Nb6 Bc6
22. Nxa8 Rxa8 23. Qb2 Nd7 24. Bd2 a5 25. Qa2 Qd6 26. c5 Nxc5 27. Qc4 Bd7 28.
Rfc1 Bf8 29. Bf1 Rc8 30. Bxa5 Nxe4 31. Qxc8 Bxc8 32. Rxc8 Qxa3 33. dxe4 Qxa5
34. Rbb8 Qe1 35. Rxf8+ Kg7 36. Rg8+ Kf6 37. Rb6+ Ke7 38. Rb7+ Kf6 39. Bg2 Qxf2
40. Rf8 Qe2 41. Rfxf7+ Ke6 42. Rbe7+ Kd6 43. Rxh7 d3 44. Rd7+ Kc5 45. Rd5+ Kc4
46. Rc7+ Kb4 47. Rcd7 1-0

[Event "17. Bayer Open"]
[Site "Leverkusen"]
[Date "2019.01.28"]
[Round "3.20"]
[White "Kronseder, Michael"]
[Black "ter Steeg, Marcus"]
[Result "0-1"]
[WhiteElo "1655"]
[BlackElo "2068"]
[PlyCount "38"]
[EventDate "2019.??.??"]
[WhiteTeam "SV Hürth-Berrenrath"]
[BlackTeam "SF Essen-Werden"]

1. e4 e5 2. Nc3 Nf6 3. f4 d5 4. fxe5 Nxe4 5. d3 Qh4+ 6. g3 Nxg3 7. Nf3 Qh5 8.
Nxd5 Bg4 9. Bg2 Nxh1 10. Nxc7+ Kd8 11. Nxa8 Nc6 12. Bf4 Nd4 13. Qd2 Bxf3 14.
Qa5+ Ke8 15. Nc7+ Kd7 16. e6+ fxe6 17. Qxh5 Bxh5 18. Rc1 Ne2 19. Bxh1 Nxc1 0-1

[Event "17. Bayer Open"]
[Site "Leverkusen"]
[Date "2019.01.28"]
[Round "3.21"]
[White "Vulic, Goran"]
[Black "Elsweiler, Karl-Heinz"]
[Result "0-1"]
[WhiteElo "1822"]
[BlackElo "1565"]
[PlyCount "56"]
[EventDate "2019.??.??"]
[WhiteTeam "Brühler SK"]
[BlackTeam "SV Opladen"]

1. e4 d6 2. d4 Nf6 3. Nc3 g6 4. Be3 Bg7 5. Be2 c6 6. Qd2 Nbd7 7. f4 b5 8. e5 b4
9. exf6 bxc3 10. Qxc3 Nxf6 11. Qxc6+ Bd7 12. Qc3 Nd5 13. Qd2 Qb6 14. O-O-O Rb8
15. b3 a5 16. c4 Nxe3 17. Qxe3 a4 18. Nf3 axb3 19. axb3 Ba4 20. Kd2 Qb4+ 21.
Qc3 Qxc3+ 22. Kxc3 Rxb3+ 23. Kd2 Rb2+ 24. Ke3 Bxd1 25. Rxd1 O-O 26. Rd2 Rfb8
27. Rxb2 Rxb2 28. Ne1 Bxd4+ 0-1

[Event "17. Bayer Open"]
[Site "Leverkusen"]
[Date "2019.01.28"]
[Round "3.22"]
[White "Ipekyilmaz, Tayfun"]
[Black "Friedsam, Manfred"]
[Result "1/2-1/2"]
[WhiteElo "1687"]
[BlackElo "1757"]
[PlyCount "80"]
[EventDate "2019.??.??"]
[WhiteTeam "Langenfelder SF"]
[BlackTeam "Königsspringer Leverkusen"]

1. e4 e6 2. d4 d5 3. Nc3 Nf6 4. Bg5 Bb4 5. e5 h6 6. exf6 hxg5 7. fxg7 Rg8 8.
Qh5 Qf6 9. Nf3 Qxg7 10. Ne5 Nd7 11. Nd3 Qxd4 12. Nxb4 Qxb4 13. O-O-O Qf4+ 14.
Rd2 Nf6 15. Qe2 Bd7 16. g3 Qd6 17. Nb5 Bxb5 18. Qxb5+ Qc6 19. Qb3 O-O-O 20. Bg2
Ne4 21. Bxe4 dxe4 22. Rhd1 Rxd2 23. Rxd2 Rh8 24. Qa3 Qa6 25. Qe7 b6 26. Qxf7
Qxa2 27. Rd7 Qa1+ 28. Kd2 Qa5+ 29. c3 e3+ 30. Kxe3 Qe5+ 31. Kd2 Rxh2 32. Rd3
Qf5 33. Qxf5 exf5 34. Rf3 f4 35. gxf4 g4 36. Rg3 Rxf2+ 37. Ke3 Rxb2 38. Rxg4
Kd7 39. Rg7+ Kd6 40. f5 Ke5 1/2-1/2

[Event "17. Bayer Open"]
[Site "Leverkusen"]
[Date "2019.01.28"]
[Round "3.23"]
[White "Hasanovic, Huzeir"]
[Black "Hansel, Rainer"]
[Result "0-1"]
[WhiteElo "1534"]
[BlackElo "1948"]
[PlyCount "50"]
[EventDate "2019.??.??"]
[WhiteTeam "SV Opladen"]
[BlackTeam "SF Köln-Longerich"]

1. b3 e5 2. Bb2 Nc6 3. c4 Nf6 4. e3 d5 5. cxd5 Nxd5 6. a3 Bd6 7. d3 O-O 8. Nf3
Qe7 9. Qc2 Be6 10. Be2 f5 11. Nbd2 Nf6 12. O-O Rae8 13. Nc4 Bd5 14. b4 e4 15.
Nd4 exd3 16. Qxd3 Be4 17. Qc3 Nd5 18. Nxc6 Bxh2+ 19. Kh1 Bxg2+ 20. Kxg2 Qg5+
21. Kxh2 Nxc3 22. Bxc3 Re6 23. Ne7+ Kh8 24. Bxg7+ Kxg7 25. Nxf5+ Rxf5 0-1

[Event "17. Bayer Open"]
[Site "Leverkusen"]
[Date "2019.01.28"]
[Round "3.24"]
[White "Höfer, Severin Paul"]
[Black "Kinnert, Reinhard"]
[Result "0-1"]
[WhiteElo "1919"]
[BlackElo "1603"]
[PlyCount "106"]
[EventDate "2019.??.??"]
[WhiteTeam "SF Stadtverwaltung Bonn"]
[BlackTeam "TV Witzhelden"]

1. Nf3 Nf6 2. g3 b5 3. Bg2 Bb7 4. O-O e6 5. d4 c5 6. c3 c4 7. a4 b4 8. b3 Qc8
9. Bb2 a5 10. Nbd2 bxc3 11. Bxc3 cxb3 12. Qxb3 Bd5 13. Qb2 Nc6 14. Rab1 Bd6 15.
Rfc1 Qa6 16. Bf1 Qa7 17. Ne5 Nb4 18. Nec4 Be7 19. Nxa5 Na2 20. Nac4 Nxc1 21.
Rxc1 O-O 22. a5 Rab8 23. Nb6 Ne4 24. Nxe4 Bxe4 25. f3 Bc6 26. e4 Bd8 27. d5
Bxb6+ 28. axb6 Rxb6 29. Qf2 exd5 30. exd5 Bxd5 31. Bd4 Qa3 32. Bxb6 Qxc1 33.
Be3 Qc6 34. Qb2 Bxf3 35. Bd4 Qg6 36. Qc3 Be4 37. Qe3 h5 38. Bc5 Ra8 39. Qb3 h4
40. Bf2 hxg3 41. Bxg3 Ra1 42. Qb8+ Kh7 43. Qe5 Rb1 44. Kf2 Qb6+ 45. Ke2 d5 46.
Qh5+ Kg8 47. Qg5 Bd3+ 48. Kxd3 Rxf1 49. Be5 f6 50. Qg6 Rf3+ 51. Kc2 Qc6+ 52.
Kd2 Qe6 53. Qh5 Rf5 0-1

[Event "17. Bayer Open"]
[Site "Leverkusen"]
[Date "2019.01.28"]
[Round "3.25"]
[White "Falge, Rainer"]
[Black "Meyer-Kahlen, Stefan"]
[Result "0-1"]
[WhiteElo "1524"]
[BlackElo "1941"]
[PlyCount "88"]
[EventDate "2019.??.??"]
[WhiteTeam "Langenfelder SF"]
[BlackTeam "SC Erkrath"]

1. e4 c6 2. f4 d5 3. e5 Bf5 4. d4 e6 5. Bd3 Bxd3 6. Qxd3 Qb6 7. Nd2 c5 8. Ngf3
Nc6 9. c3 cxd4 10. Nxd4 Nxd4 11. cxd4 Ne7 12. O-O Nf5 13. Nb3 a5 14. a4 h5 15.
Bd2 Be7 16. Rfc1 h4 17. Rc2 O-O 18. Be3 Rfc8 19. Rac1 Rxc2 20. Rxc2 Qb4 21. Bf2
Qxa4 22. Rc1 Qa2 23. Qc2 Qa4 24. Ra1 Qb5 25. Nd2 a4 26. Nf3 Qd7 27. g3 hxg3 28.
hxg3 b5 29. g4 Nh6 30. g5 Nf5 31. Rc1 b4 32. Nh4 Nxh4 33. Bxh4 a3 34. b3 Qb5
35. Bf2 g6 36. Be3 Kg7 37. Kg2 Rh8 38. Ra1 Bd8 39. Ra2 Bb6 40. Bf2 Qa6 41. Qb1
Rc8 42. Rd2 Rc3 43. Bg1 Qc8 44. Qa2 Qh8 0-1

[Event "17. Bayer Open"]
[Site "Leverkusen"]
[Date "2019.01.28"]
[Round "3.26"]
[White "Scharff, Klaus"]
[Black "Plitzner, Hans Joachim"]
[Result "1-0"]
[WhiteElo "1872"]
[BlackElo "1666"]
[PlyCount "49"]
[EventDate "2019.??.??"]
[WhiteTeam "SV Opladen"]
[BlackTeam "Kölner SK Dr. Lasker"]

1. d4 d5 2. c4 e6 3. Nc3 Nf6 4. Bg5 Be7 5. e3 c6 6. Bd3 Nbd7 7. Nf3 dxc4 8.
Bxc4 Nb6 9. Bd3 h6 10. Bh4 Nbd5 11. O-O O-O 12. Ne5 c5 13. dxc5 Nxc3 14. bxc3
Qc7 15. f4 Qxc5 16. Qe2 Nd7 17. Bxe7 Qxe7 18. Ng4 f5 19. Nf2 e5 20. Bc4+ Kh8
21. e4 exf4 22. Nh3 Nc5 23. Nxf4 Qg5 24. h4 Qf6 25. e5 1-0

[Event "17. Bayer Open"]
[Site "Leverkusen"]
[Date "2019.01.28"]
[Round "3.27"]
[White "Stuch, Hans-Ferdinand"]
[Black "Blumenthal, Ralf"]
[Result "1/2-1/2"]
[WhiteElo "1541"]
[BlackElo "1827"]
[PlyCount "74"]
[EventDate "2019.??.??"]
[WhiteTeam "Godesberger SK"]
[BlackTeam "SK Turm Euskirchen"]

1. e4 c5 2. Nc3 Nc6 3. f4 d6 4. Nf3 Nf6 5. Bb5 a6 6. Bxc6+ bxc6 7. d3 g6 8. O-O
Bg7 9. Qe1 Qb6 10. h3 O-O 11. Qf2 h6 12. Rb1 Rb8 13. b3 Nh5 14. Na4 Qc7 15. g4
Nf6 16. Bb2 Bd7 17. f5 Kh7 18. g5 hxg5 19. Nxg5+ Kg8 20. Qh4 Nh5 21. Bxg7 Kxg7
22. Rf2 d5 23. Rbf1 Qg3+ 24. Qxg3 Nxg3 25. Re1 dxe4 26. dxe4 gxf5 27. Nxc5 Bc8
28. exf5 Nxf5 29. Rg2 Kh6 30. Nf3 Rb5 31. Nd3 f6 32. c4 Ra5 33. Nb4 c5 34. Nc6
Rxa2 35. Rxa2 e5 36. Ncxe5 fxe5 37. Nxe5 Bb7 1/2-1/2

[Event "17. Bayer Open"]
[Site "Leverkusen"]
[Date "2019.01.28"]
[Round "3.28"]
[White "Birnkott, Manfred"]
[Black "Gülden, Ralf"]
[Result "1-0"]
[WhiteElo "1838"]
[BlackElo "1501"]
[PlyCount "73"]
[EventDate "2019.??.??"]
[WhiteTeam "SC Bayer Leverkusen"]
[BlackTeam "Königsspringer Leverkusen"]

1. e4 c5 2. Nf3 d6 3. d4 cxd4 4. Nxd4 Nf6 5. f3 a6 6. c4 Nbd7 7. Nc3 e5 8. Nb3
Be7 9. Be3 O-O 10. Be2 Nc5 11. O-O Be6 12. Rc1 Rc8 13. Nd2 Nh5 14. b4 Nd7 15.
Nd5 Bxd5 16. cxd5 Bg5 17. Qb3 Bxe3+ 18. Qxe3 Nf4 19. Rxc8 Nxe2+ 20. Qxe2 Qxc8
21. Qc4 b5 22. Qc6 Qxc6 23. dxc6 Nb6 24. Rc1 Rc8 25. Rc2 Kf8 26. g3 Ke7 27. Kf2
Ke6 28. f4 g6 29. Kf3 f5 30. fxe5 dxe5 31. Nb3 Nc4 32. Nc5+ Kd6 33. Nxa6 Rxc6
34. Nc5 Nb6 35. Rd2+ Ke7 36. Rd3 Rd6 37. Ra3 1-0

[Event "17. Bayer Open"]
[Site "Leverkusen"]
[Date "2019.01.28"]
[Round "3.29"]
[White "Hoeper, Heinz-Joachim"]
[Black "Hennig, Edgar Paul"]
[Result "0-1"]
[WhiteElo "1365"]
[BlackElo "1858"]
[PlyCount "80"]
[EventDate "2019.??.??"]
[WhiteTeam "Pulheimer SC"]
[BlackTeam "Satranç Club"]

1. Nf3 Nf6 2. c4 e6 3. Nc3 d5 4. b3 c5 5. d4 dxc4 6. bxc4 cxd4 7. Nxd4 a6 8. g3
Bc5 9. e3 Bd7 10. Bg2 Qc7 11. Qd3 Nc6 12. Ne4 Nxe4 13. Bxe4 Bb4+ 14. Bd2 Ne5
15. Qc2 Bxd2+ 16. Qxd2 Nxc4 17. Qb4 Qa5 18. Qxa5 Nxa5 19. Ke2 Ke7 20. Rab1 Rab8
21. Rb6 Rhc8 22. Rhb1 Rc7 23. h4 g6 24. Rxa6 Nc4 25. h5 Nd6 26. Bd3 e5 27. hxg6
exd4 28. gxh7 dxe3 29. fxe3 Rh8 30. Ra5 f5 31. Rh1 b6 32. Re5+ Kf6 33. Rd5 Nf7
34. e4 Be6 35. Rb5 fxe4 36. Rf1+ Ke7 37. Bxe4 Bc4+ 38. Bd3 Bxb5 39. Bxb5 Rxh7
40. a4 Nd6 0-1

[Event "17. Bayer Open"]
[Site "Leverkusen"]
[Date "2019.01.28"]
[Round "3.30"]
[White "Beyer, Fabian"]
[Black "Diaubalick, Ulrich"]
[Result "1/2-1/2"]
[WhiteElo "1718"]
[BlackElo "1504"]
[PlyCount "66"]
[EventDate "2019.??.??"]
[WhiteTeam "SG Solingen"]
[BlackTeam "SF Düsseldorf-Süd"]

1. d4 d5 2. Nf3 Nf6 3. c4 c6 4. Nc3 e6 5. Bg5 Be7 6. Qc2 Nbd7 7. cxd5 Nxd5 8.
Bxe7 Nxe7 9. e4 h6 10. Be2 O-O 11. Rd1 b6 12. O-O Bb7 13. Ne1 Rc8 14. f4 Qc7
15. g3 c5 16. d5 exd5 17. exd5 Ng6 18. Bd3 c4 19. Bxg6 fxg6 20. Qxg6 Qc5+ 21.
Kh1 Nf6 22. Nf3 Rcd8 23. Ne5 Rd6 24. Qc2 Nxd5 25. Nxd5 Bxd5+ 26. Nf3 Qc6 27.
Kg1 Qc5+ 28. Qf2 Qc7 29. Ne5 Rfd8 30. Rd4 Ba8 31. Rfd1 Qb7 32. Kf1 Rxd4 33.
Rxd4 Rxd4 1/2-1/2

[Event "17. Bayer Open"]
[Site "Leverkusen"]
[Date "2019.01.28"]
[Round "3.31"]
[White "Yon, Gregory"]
[Black "Jiritschka, Wolfgang"]
[Result "1-0"]
[WhiteElo "1565"]
[BlackElo "1795"]
[PlyCount "101"]
[EventDate "2019.??.??"]
[WhiteTeam "Bergische SF"]
[BlackTeam "SC Bayer Leverkusen"]

1. d4 c5 2. c3 d5 3. Bf4 cxd4 4. cxd4 Nc6 5. e3 Nf6 6. Bd3 Qa5+ 7. Nc3 e6 8. a3
a6 9. Nf3 Bd7 10. h3 Rc8 11. O-O b5 12. Ne5 Qb6 13. Rc1 Na5 14. Nxd7 Kxd7 15.
Qf3 Be7 16. Be5 Nc4 17. Bxc4 Rxc4 18. Qg3 Rg8 19. f4 g6 20. Bxf6 Bxf6 21. f5
Be7 22. fxe6+ Qxe6 23. Qf3 Kd6 24. Qf4+ Kd7 25. Qxf7 Qxf7 26. Rxf7 Rgc8 27.
Rxh7 Ke6 28. Rf1 Bxa3 29. Rg7 Bxb2 30. Rxg6+ Kd7 31. Rf7+ Ke8 32. Rh7 Kf8 33.
Nxd5 R8c6 34. Nf6 Rxf6 35. Rxf6+ Kg8 36. Rd7 a5 37. Ra6 Rc8 38. Rxa5 b4 39. Rb5
Bc3 40. h4 Bd2 41. e4 Be1 42. Kh2 Bxh4 43. Rxb4 Bg5 44. Rdb7 Bf4+ 45. Kh3 Bd6
46. Ra4 Rc3+ 47. Kg4 Rg3+ 48. Kf5 Rxg2 49. Ra8+ Bf8 50. e5 Rf2+ 51. Ke4 1-0

[Event "17. Bayer Open"]
[Site "Leverkusen"]
[Date "2019.01.28"]
[Round "3.32"]
[White "Wehr, Günter"]
[Black "Alexopoulos, Spiros Orestis"]
[Result "0-1"]
[WhiteElo "1417"]
[BlackElo "1863"]
[PlyCount "50"]
[EventDate "2019.??.??"]
[WhiteTeam "SV Opladen"]
[BlackTeam "Aachener SV"]

1. d4 d5 2. c4 e6 3. Nf3 Nf6 4. Nc3 c5 5. e3 Nc6 6. Be2 dxc4 7. Bxc4 Be7 8. O-O
O-O 9. Qc2 cxd4 10. Rd1 Qc7 11. Nxd4 Nxd4 12. Rxd4 e5 13. Rd1 Qxc4 14. b3 Qh4
15. f3 Be6 16. Bb2 Rac8 17. Qe2 e4 18. Rd2 Bb4 19. Rc2 exf3 20. Qxf3 Ng4 21. h3
Nxe3 22. Rcc1 Rfd8 23. Ne2 Nc2 24. Qxb7 Bc5+ 25. Kh2 Bd5 0-1

[Event "17. Bayer Open"]
[Site "Leverkusen"]
[Date "2019.01.28"]
[Round "3.33"]
[White "Blomeyer, Peter"]
[Black "Esser, Heinz"]
[Result "1-0"]
[WhiteElo "1806"]
[BlackElo "1324"]
[PlyCount "97"]
[EventDate "2019.??.??"]
[WhiteTeam "Königsspringer Leverkusen"]
[BlackTeam "SV Dormagen"]

1. c4 e5 2. g3 Nc6 3. Bg2 f5 4. d3 Nf6 5. Nc3 Bb4 6. Bd2 O-O 7. a3 Bxc3 8. Bxc3
d6 9. e3 Qe8 10. Ne2 Nh5 11. Qd2 f4 12. Bd5+ Kh8 13. exf4 Nf6 14. Bf3 Bg4 15.
Bxg4 Nxg4 16. f3 Nf6 17. O-O-O a5 18. fxe5 Nxe5 19. Rdf1 b5 20. Bxe5 dxe5 21.
cxb5 Qxb5 22. Nc3 Qc6 23. Kb1 Rab8 24. Qc2 Qd6 25. Ka1 Rb7 26. Ne4 Nxe4 27.
dxe4 Rfb8 28. Rb1 Rb3 29. Rhc1 Qd4 30. Ka2 R3b7 31. Rd1 Qb6 32. Rd3 h6 33. Rc3
a4 34. b4 axb3+ 35. Rbxb3 Qe6 36. Kb2 Qd6 37. Rxb7 Rxb7+ 38. Kc1 Qb6 39. Rc5
Qa7 40. a4 Kh7 41. Kd1 Qb6 42. Ke2 Qd6 43. Rd5 Qa6+ 44. Kf2 Qb6+ 45. Kg2 Qe3
46. Rb5 Ra7 47. Rxe5 Qd4 48. Rd5 Qa1 49. e5+ 1-0

[Event "17. Bayer Open"]
[Site "Leverkusen"]
[Date "2019.01.28"]
[Round "3.34"]
[White "Kolleck, Wolf-Dietrich"]
[Black "Kamphausen, Johannes-Dieter"]
[Result "0-1"]
[WhiteElo "1468"]
[BlackElo "1739"]
[PlyCount "59"]
[EventDate "2019.??.??"]
[WhiteTeam "SC Bayer Leverkusen"]
[BlackTeam "SV Springer Hitdorf"]

1. d4 Nf6 2. c4 g6 3. Nc3 Bg7 4. f3 O-O 5. Nh3 d5 6. Nf2 Nc6 7. cxd5 Nxd5 8. e4
Nxc3 9. bxc3 Na5 10. Be3 c5 11. Qd2 b6 12. Be2 Qc7 13. O-O Bb7 14. Rac1 c4 15.
Bh6 Rfd8 16. Bxg7 Kxg7 17. Ng4 f6 18. Qh6+ Kh8 19. e5 f5 20. Nf2 e6 21. Nh3 Qg7
22. Qh4 Bd5 23. Qg3 Rf8 24. Nf4 Nc6 25. Nxd5 exd5 26. f4 Ne7 27. h4 b5 28. a3
a5 29. Qe1 Rab8 30. Rf3 0-1

[Event "17. Bayer Open"]
[Site "Leverkusen"]
[Date "2019.01.28"]
[Round "3.35"]
[White "Nölle, Nathalie"]
[Black "Axmann, Michael"]
[Result "0-1"]
[WhiteElo "1327"]
[BlackElo "1709"]
[PlyCount "62"]
[EventDate "2019.??.??"]
[WhiteTeam "Königsspringer Leverkusen"]
[BlackTeam "SC Bayer Leverkusen"]

1. d4 d5 2. Bf4 Nf6 3. e3 e6 4. c3 Nbd7 5. Nd2 c5 6. Ngf3 Be7 7. Bd3 O-O 8. Ne5
Re8 9. h4 Nxe5 10. dxe5 Nd7 11. Qg4 f5 12. Qh3 Qb6 13. Rb1 Nf8 14. h5 Bd7 15.
Qg3 Kh8 16. h6 g6 17. Nf3 Bc6 18. Bg5 Qd8 19. Bh4 Bxh4 20. Nxh4 d4 21. Ke2 b5
22. Rbd1 c4 23. Bxf5 d3+ 24. Bxd3 cxd3+ 25. Rxd3 Bd5 26. e4 Bc4 27. Rhd1 Qc7
28. Qg5 Rad8 29. Qf6+ Kg8 30. Qf3 Rxd3 31. Rxd3 Rd8 0-1